| 000 | 00715nam a22002057a 4500 | ||
|---|---|---|---|
| 999 |
_c19895 _d19895 |
||
| 003 | AR-CdUCM | ||
| 008 | 190523b ||||| |||| 00| 0 spa d | ||
| 040 |
_aMUNICIPALIDAD PROVINCIAL DEL CUSCO _cBIBLIOTECA MUNICIPAL DEL CUSCO |
||
| 082 |
_a551 / _bC63 |
||
| 100 |
_aCloos, Hans _941598 |
||
| 245 |
_aDiálogo con la tierra : _bperegrinaciones de un geólogo por el mundo y por la vida / |
||
| 260 |
_aBarcelona : _bEdit. Labor, _c1951. |
||
| 300 |
_a479 páginas ; _bFotografías, _c23 cm. |
||
| 505 | _aContenido: La tierra y el hombre -- África -- Indias orientales... | ||
| 650 |
_aAmérica _91348 |
||
| 650 |
_aTierra _9337 |
||
| 650 |
_aAlemania _91327 |
||
| 942 |
_2ddc _cLIBROS |
||
| 945 |
_adavv _d2019-05-23 |
||